| 000 | 00679cam a22002414a 4500 | ||
|---|---|---|---|
| 003 | UPN | ||
| 005 | 20220912224754.0 | ||
| 008 | 090213s1999 mx r 000 f spa d | ||
| 020 | _a9684932529 | ||
| 035 | _aUPN01000169268 | ||
| 040 |
_aUPN _bspa _cUPN |
||
| 049 | _aCG | ||
| 050 | 4 |
_aPQ9698.16 O46 _bA46 1999 |
|
| 100 | 1 |
_aFonseca, Rubem, _d1925- _932033 |
|
| 245 | 1 | 0 |
_aAgosto / _cRubem Fonseca ; traducción de Benjamín Rocha. |
| 250 | _aSegunda edición | ||
| 260 |
_aMéxico : _bCal y Arena, _c1999. |
||
| 300 | _a380 páginas | ||
| 650 | 4 |
_aNovela brasileña _95077 |
|
| 700 | 1 |
_aRocha, Benjamín, _d1956- _etraductor _946284 |
|
| 905 | _aLibro | ||
| 942 |
_2lcc _cLIBRO |
||
| 999 |
_c141374 _d141374 |
||